Kumar v Dunning and Another (Record no. 4761)
[ view plain ]
| 000 -LEADER | |
|---|---|
| fixed length control field | 01476cab a2200193 4500 |
| 001 - CONTROL NUMBER | |
| control field | ABS37968 |
| 008 - FIXED-LENGTH DATA ELEMENTS--GENERAL INFORMATION | |
| fixed length control field | 090401t1987 xxu||||| |||| 00| 0 eng d |
| 035 ## - SYSTEM CONTROL NUMBER | |
| System control number | (Sirsi) u7825 |
| 041 ## - LANGUAGE CODE | |
| Language code of text/sound track or separate title | eng |
| 245 ## - TITLE STATEMENT | |
| Title | Kumar v Dunning and Another |
| 260 ## - PUBLICATION, DISTRIBUTION, ETC. | |
| Date of publication, distribution, etc. | 1987 |
| 350 ## - PRICE (NR) (BK AM CF MU VM SE) [OBSOLETE] | |
| Price | 0 |
| 490 ## - SERIES STATEMENT | |
| Series statement | Estates Gazette |
| Volume/sequential designation | 283(6341) 4 July 1987, 59-64(5) |
| 520 ## - SUMMARY, ETC. | |
| Summary, etc. | CA 15 April 1987. Appeal by original lessee against decision dismissing claim to recover money due from the defendant sureties in reimbursement of payments made for an underlease of business premises. The plaintiff(P) had assigned the unexpired residue of underlease to a company which went into liquidation owing rent and other sums. The licence to make the assignment was made between the then lessor, the lessee, the plaintiff underlessee, the assignee and the defendant sureties. Neither the assignee nor the sureties entered into any direct covenant with (P). It was accepted both, that (P) was liable to pay the rent to the assignees of the reversion on the default of the assignees of the underlease and also, having paid the rent, was subrogate to any rights the assignees of the reversion had against the sureties . At issue was whether assignees of the reversion were entitled to recover rent from the sureties. Having rejected three of the arguments put forward by (P) claiming that the |
| 650 ## - SUBJECT ADDED ENTRY--TOPICAL TERM | |
| Topical term or geographic name entry element | SUBROGATION |
| 690 ## - LOCAL SUBJECT ADDED ENTRY--TOPICAL TERM (OCLC, RLIN) | |
| Topical term or geographic name as entry element | LANDLORD AND TENANT-CASE LAW-BUSINESS TENANCIES |
| 942 ## - ADDED ENTRY ELEMENTS (KOHA) | |
| Suppress in OPAC | 0 |
| 948 ## - LOCAL PROCESSING INFORMATION (OCLC); SERIES PART DESIGNATOR (RLIN) | |
| c (OCLC) | 04/03/1997 |
| Withdrawn status | Lost status | Source of classification or shelving scheme | Damaged status | Not for loan | Home library | Current library | Shelving location | Date acquired | Total Checkouts | Full call number | Barcode | Date last seen | Copy number | Price effective from | Koha item type |
|---|---|---|---|---|---|---|---|---|---|---|---|---|---|---|---|
| Dewey Decimal Classification | London | London | Journal article | 14/09/1999 | ABS37968 | 7825-1001 | 06/08/2019 | 1 | 06/08/2019 | Law report |